CBRN : chemické zbraně /

Salvato in:
Dettagli Bibliografici
Autori principali: Matoušek, Jiří (Autore), Linhart, Petr (Autore)
Natura: Libro
Lingua:ceco
Pubblicazione: Ostrava SPBI 2005
Edizione:1. vyd.
Serie:Spektrum 43.
Soggetti:
Tags: Aggiungi Tag
Nessun Tag, puoi essere il primo ad aggiungerne!!

MARC

LEADER 00000nam a22000003a 4500
001 0029359
003 SK-STU
005 20171221130814.8
007 ta
008 171221s ----xo-----e------000-0-----d
020 |a 80-86634-71-X 
040 |a STU  |b slo 
041 0 |a cze 
044 |a xr 
100 1 |a Matoušek, Jiří  |4 aut 
245 1 0 |a CBRN :  |b chemické zbraně /  |c aut. Jiří Matoušek, Petr Linhart 
250 |a 1. vyd. 
260 |a Ostrava  |b SPBI  |c 2005 
300 |a 151 s. 
490 0 |a Spektrum  |v 43. 
650 0 7 |a chemické zbrane 
700 1 |a Linhart, Petr  |4 aut 
996 |b 284M087495  |c M* 14033-1  |l MMKN  |s A  |a 24  |w 0029359_0001